Loading...
| Current Events | 1 | 20.00 | 100% | 100% | 0% |
| Fine Arts - Classical Music | 4 | 10.00 | 75% | 25% | 0% |
| Fine Arts - Other | 5 | 10.00 | 80% | 20% | 0% |
| Fine Arts - Painting and Sculpture | 4 | 10.00 | 75% | 25% | 0% |
| History - American | 4 | 15.00 | 100% | 50% | 0% |
| History - European | 3 | 10.00 | 100% | 0% | 0% |
| History - Other | 3 | 16.67 | 100% | 33% | 33% |
| History - World | 3 | 13.33 | 67% | 67% | 0% |
| Literature - American | 3 | 16.67 | 100% | 67% | 0% |
| Literature - British | 2 | 10.00 | 100% | 0% | 0% |
| Literature - European | 2 | 10.00 | 100% | 0% | 0% |
| Literature - World | 4 | 17.50 | 100% | 75% | 0% |
| Mythology | 4 | 10.00 | 75% | 0% | 25% |
| Philosophy | 3 | 16.67 | 100% | 33% | 33% |
| Pop Culture | 2 | 25.00 | 100% | 100% | 50% |
| Religion | 4 | 10.00 | 75% | 0% | 25% |
| Science - Biology | 4 | 10.00 | 75% | 25% | 0% |
| Science - Chemistry | 5 | 2.00 | 20% | 0% | 0% |
| Science - Other | 3 | 6.67 | 67% | 0% | 0% |
| Science - Physics | 3 | 6.67 | 67% | 0% | 0% |
| Social Science | 3 | 13.33 | 100% | 33% | 0% |